000 00850nam a22002177a 4500
999 _c16188
_d16188
003 AR-CdUCM
008 190502b ||||| |||| 00| 0 spa d
040 _aMUNICIPALIDAD PROVINCIAL DEL CUSCO
_cBIBLIOTECA MUNICIPAL DEL CUSCO
082 _a130.4 /
_bB88
100 _aBueno, Miguel
_935476
245 _aLas grandes direcciones de la filosofía :
_bsíntesis propedéutica /
260 _aBuenos Aires :
_bFondo de Cultura Económica,
_c1957.
300 _a324 páginas ;
_c22 cm.
440 _aPublicaciones de diánoia
_935477
505 _aContenido: La dirección realista -- La dirección idealista -- La dirección cultural -- La dirección vitalista -- La dirección métódica.
650 _aFilosofía
_9395
650 _aIdealismo
_9695
650 _aCorrientes filosóficas
_917144
942 _2ddc
_cLIBROS
945 _adavv
_d02/05/2019